University mathematics / (Record no. 10912)
[ view plain ]
| 000 -LEADER | |
|---|---|
| fixed length control field | 01022cam a2200445ua 4500 |
| 041 ## - LANGUAGE CODE | |
| Language code of text/sound track or separate title | eng |
| 082 ## - DEWEY DECIMAL CLASSIFICATION NUMBER | |
| Classification number | 510 |
| Item number | KUN/UN |
| 100 ## - MAIN ENTRY--AUTHOR NAME | |
| Personal name | Kunjipaulo, A O . |
| 245 ## - TITLE STATEMENT | |
| Title | University mathematics / |
| 250 ## - EDITION STATEMENT | |
| Edition statement | 1 / |
| 260 ## - PUBLICATION, DISTRIBUTION, ETC. (IMPRINT) | |
| Place of publication | Calicut : |
| Name of publisher | Xavier press , |
| Year of publication | 1988. |
| 300 ## - PHYSICAL DESCRIPTION | |
| Number of Pages | 346 ; . |
| 942 ## - ADDED ENTRY ELEMENTS (KOHA) | |
| Koha item type | Books |
| Withdrawn status | Lost status | Damaged status | Home library | Current library | Date acquired | Full call number | Accession Number | Koha item type |
|---|---|---|---|---|---|---|---|---|
| KAUAET | KAUAET | 07/04/2012 | 510 | 12544 | Books | |||
| KAUAET | KAUAET | 07/04/2012 | 510 | 12487 | Books | |||
| KAUAET | KAUAET | 07/04/2012 | 510 | 12482 | Books | |||
| Withdrawn | KAUAET | KAUAET | 07/04/2012 | 510 | 12483 | Books | ||
| KAUAET | KAUAET | 07/04/2012 | 510 | 12492 | Books | |||
| KAUAET | KAUAET | 07/04/2012 | 510 | 12493 | Books | |||
| KAUAET | KAUAET | 07/04/2012 | 510 | 12490 | Books | |||
| KAUAET | KAUAET | 07/04/2012 | 510 | 12552 | Books | |||
| KAUAET | KAUAET | 07/04/2012 | 510 | 12548 | Books | |||
| KAUAET | KAUAET | 07/04/2012 | 510 | 12545 | Books | |||
| KAUAET | KAUAET | 07/04/2012 | 510 | 12546 | Books | |||
| KAUAET | KAUAET | 07/04/2012 | 510 | 12554 | Books | |||
| KAUAET | KAUAET | 07/04/2012 | 510 | 12491 | Books | |||
| Damaged | KAUAET | KAUAET | 07/04/2012 | 510 | 12549 | Books | ||
| Withdrawn | Damaged | KAUAET | KAUAET | 07/04/2012 | 510 | 12550 | Books | |
| KAUAET | KAUAET | 07/04/2012 | 510 | 12547 | Books | |||
| KAUAET | KAUAET | 07/04/2012 | 510 | 12543 | Books | |||
| KAUAET | KAUAET | 07/04/2012 | 510 | 12488 | Books | |||
| KAUAET | KAUAET | 07/04/2012 | 510 | 12485 | Books | |||
| KAUAET | KAUAET | 07/04/2012 | 510 | 12489 | Books | |||
| KAUAET | KAUAET | 07/04/2012 | 510 | 12486 | Books | |||
| Withdrawn | KAUAET | Sanskrit University | 07/04/2012 | 510 | 12553 | Books | ||
| Withdrawn | KAUAET | Sanskrit University | 07/04/2012 | 510 | 12551 | Books |
